[Event "EU-chT Seniors"]
[Site "Thessaloniki"]
[Date "2011.05.07"]
[Round "5"]
[White "Armbruester, Juergen"]
[Black "Hadar, Avner"]
[Result "1-0"]
[WhiteElo "1600"]
[BlackElo "1600"]
[PlyCount "125"]
[EventDate "2011.05.03"]
[EventType "team-swiss"]
[EventRounds "9"]
[EventCountry "GRE"]
[SourceTitle "CBM 142 Extra"]
[Source "ChessBase"]
[SourceDate "2011.06.27"]
[SourceVersion "1"]
[SourceVersionDate "2011.06.27"]
[SourceQuality "1"]
[WhiteTeam "Katernberg"]
[BlackTeam "Israel II"]
[WhiteTeamCountry "GER"]
[BlackTeamCountry "ISR"]

1. e4 c5 2. Nf3 Nf6 3. Nc3 Nc6 4. d4 d5 5. exd5 Nxd5 6. Bc4 e6 7. 0-0 cxd4 8. Nb5 a6 9. Nbxd4 Be7 10. Nxc6 bxc6 11. c3 0-0 12. Qc2 Bf6 13. Bd3 h6 14. Rd1 Qc7 15. Bh7+ Kh8 16. Be4 Bb7 17. g3 c5 18. Qe2 Be7 19. c4 Nf6 20. Bf4 Qb6 21. Bxb7 Qxb7 22. Ne5 Kg8 23. Rd2 Rad8 24. Rad1 Rxd2 25. Rxd2 Rd8 26. b3 Rxd2 27. Bxd2 Qe4 28. Qxe4 Nxe4 29. Ba5 Bd6 30. Nd3 Nf6 31. Kg2 Nd7 32. Kf3 f6 33. h3 Kf7 34. g4 g6 35. Bd2 g5 36. Ke4 Kg6 37. Be3 h5 38. f4 hxg4 39. hxg4 f5+ 40. gxf5+ exf5+ 41. Kd5 Bxf4 42. Nxf4+ gxf4 43. Bxf4 Kh5 44. Kd6 Kg4 45. Bh6 Nf6 46. Kxc5 Ne4+ 47. Kb6 f4 48. c5 f3 49. Be3 Kf5 50. Kxa6 Ke6 51. Kb7 f2 52. Bxf2 Nxf2 53. a4 Ne4 54. b4 Kd5 55. a5 Kc4 56. a6 Kxb4 57. c6 Nc5+ 58. Kb6 Na4+ 59. Kc7 Kb5 60. a7 Nb6 61. Kb7 Na4 62. a8Q Nc5+ 63. Kc7 1-0